Joueur de l'équipe première du PSG (2022-2023) - Statistiques

Statistiques générales
  • Ce quiz a été pris 9 737 fois
    9 654 depuis la dernière actualisation
  • Le résultat moyen est 17 sur 22
Statistiques - réponses
Poste Nationalité Joueur % Correct
Défenseur Maroc Achraf Hakimi
98%
Gardien de but Costa Rica Keylor Navas
96%
Attaquant France Kylian Mbappé
95%
Gardien de but Italie Gianluigi Donnarumma
94%
Attaquant Argentine Lionel Messi
94%
Attaquant Brésil Neymar Jr
94%
Milieu de terrain Italie Marco Verratti
91%
Défenseur France Presnel Kimpembe
89%
Défenseur Brésil Marquinhos
88%
Défenseur Portugal Nuno Mendes
86%
Défenseur Espagne Sergio Ramos
80%
Milieu de terrain Espagne Fabian Ruiz
79%
Milieu de terrain Portugal Vitinha
79%
Gardien de but Espagne Sergio Rico
78%
Milieu de terrain Portugal Danilo Pereira
75%
Milieu de terrain Espagne Carlos Soler
73%
Défenseur Espagne Juan Bernat
62%
Gardien de but France Alexandre Letellier
61%
Attaquant France Hugo Ekitike
60%
Défenseur France Nordi Mukiele
47%
Milieu de terrain Portugal Renato Sanches
45%
Attaquant Espagne Pablo Sarabia
42%
Aucun quiz correspondant
Distribution des résultats
% des personnes avec chaque résultat
Percentile par nombre de réponses
Votre historique - résultats
Vous n’avez pas pris ce quiz depuis la dernière actualisation